IMDb Ratings Quiz - Statistics

General Stats
  • This quiz has been taken 222 times
  • The average score is 9 of 15
Answer Stats
Question Answer % Correct
The Dark Knight vs Joker (2019)? Dark Knight
90%
Game of Thrones vs Breaking Bad? Breaking Bad
81%
Gone With the Wind vs Casablanca? Casablanca
79%
Sharknado vs Cats (2019)? Sharknado
66%
The Godfather vs the Godfather Part II? The Godfather
66%
Avatar (2009) vs Harry Potter and the Sorcerer's Stone? Avatar
64%
Kung Fu Panda vs Monsters Inc? Monsters Inc
63%
SpongeBob SquarePants vs South Park? South Park
61%
The Simpsons vs Rick & Morty? Rick and Morty
58%
Jaws (1975) vs The Shining? The Shining
57%
Finding Nemo vs E.T. the Extra-Terrestrial? Finding Nemo
48%
Guardians of the Galaxy vs Pirates of the Caribbean: Curse of the Black Pearl? Pirates of the Caribbean: Curse of the Black Pearl
48%
The Sopranos vs The Wire? The Wire
39%
The Jungle Book (2016 Live Edition) vs The Lion King (2019 Live Edition)? Jungle Book
37%
Napoleon Dynamite vs Wedding Crashers? Wedding Crashers
31%
No matching quizzes found
Score Distribution
Percent of People with Each Score
Percentile by Number Answered
Your Score History
You have not taken this quiz